00956nas a2200241Ia 4500001001100000003000900011008004100020040001300061040001300074041001300087100003800100210001300138222001300151245007700164250001100241260002500252501008600277300001000363310001200373362003300385500026000418650003600678R036/44114IT-RoPAU151124c99999999xx |||||||||||| ||und|| aIT-RoPAU cIT-RoPAU aITALIANO aAA.VV. gCodice Aut. SPICS: 12000 aSEQUENZE aSequenze aSEQUENZE, ANNO 2-N.12 (AGOSTO 1950)bSequenze, Anno 2-N.12 (Agosto 1950) a1a ed. aPARMAbMACCARIc1950 bPaulus - SPICS - Società San Paolo EM (non-commercial uses only)cCopyright2015 a48 p. aMENSILE aANNO 002, N.12 (AGOSTO 1950) aSeconda Parte della Monografia Sul Cinema Sovietico a Cura di Glauco Viazzi. Bilancio di Un'Esperienza. Contributi di Autori Vari. Quattro Saggi su Chaplin. Nota Sul Colore nel Film Sovietico di Paolo Jacchia. Tre Manifesti D'Avanguardia di Giusto Vittori aCINEMAvPUBBLICAZIONE PERIODICA